[Event "GER-ch NSV Online 1st"]
[Site "Playchess.com INT"]
[Date "2020.04.26"]
[Round "11"]
[White "Hilck, Joerg"]
[Black "Zoch, Werner"]
[Result "0-1"]
[WhiteElo "1828"]
[BlackElo "1927"]
[PlyCount "80"]
[EventDate "2020.04.26"]
[EventType "swiss (blitz)"]
[EventRounds "13"]
[EventCountry "GER"]
[SourceTitle "CBM 196 Extra"]
[Source "ChessBase"]
[SourceDate "2020.07.31"]
[SourceVersion "1"]
[SourceVersionDate "2020.07.31"]
[SourceQuality "1"]

1. e3 c5 2. b3 Nc6 3. Bb2 e6 4. f4 Nf6 5. Nf3 Be7 6. Be2 0-0 7. Nc3 d5 8. 0-0 a6 9. d3 b5 10. a4 Bb7 11. axb5 axb5 12. Rxa8 Qxa8 13. Nxb5 Qa5 14. Nc3 d4 15. exd4 cxd4 16. Ne4 Rd8 17. Qa1 Qb6 18. Ned2 Ra8 19. Qb1 Rd8 20. Nc4 Qc7 21. Qc1 Bc5 22. Kh1 Ba6 23. Nfe5 Nxe5 24. Nxe5 Nd5 25. Rf3 Ne3 26. Qd2 Bd6 27. Nc4 Bxf4 28. Nxe3 dxe3 29. Qd1 Bxh2 30. Rh3 Bf4 31. c4 Bb7 32. d4 Qe7 33. Qd3 g6 34. Bf3 Bxf3 35. Rxf3 e5 36. d5 Qh4+ 37. Kg1 Qh2+ 38. Kf1 Qh1+ 39. Ke2 Qxg2+ 40. Ke1 Qxf3 0-1

[Event "GER-ch NSV Online 1st"]
[Site "Playchess.com INT"]
[Date "2020.04.26"]
[Round "13"]
[White "Seidenstuecker, Hans Lennart"]
[Black "Zoch, Werner"]
[Result "1-0"]
[WhiteElo "1723"]
[BlackElo "1927"]
[PlyCount "38"]
[EventDate "2020.04.26"]
[EventType "swiss (blitz)"]
[EventRounds "13"]
[EventCountry "GER"]
[SourceTitle "CBM 196 Extra"]
[Source "ChessBase"]
[SourceDate "2020.07.31"]
[SourceVersion "1"]
[SourceVersionDate "2020.07.31"]
[SourceQuality "1"]

1. Nf3 d5 2. c4 c6 3. e3 Nf6 4. Nc3 e6 5. b3 Be7 6. Bb2 0-0 7. Rg1 Nbd7 8. g4 Nc5 9. Qc2 Qc7 10. g5 Nfd7 11. h4 f6 12. gxf6 Bxf6 13. b4 Ne4 14. Nxe4 dxe4 15. Ng5 Bxg5 16. Rxg5 g6 17. h5 Rf5 18. Qc3 Nb6 19. Qh8+ Kf7 1-0

[Event "GER-ch NSV Online 1st"]
[Site "Playchess.com INT"]
[Date "2020.04.26"]
[Round "6"]
[White "Spieker, Hans Joachim"]
[Black "Zoch, Werner"]
[Result "1-0"]
[WhiteElo "1829"]
[BlackElo "1927"]
[PlyCount "55"]
[EventDate "2020.04.26"]
[EventType "swiss (blitz)"]
[EventRounds "13"]
[EventCountry "GER"]
[SourceTitle "CBM 196 Extra"]
[Source "ChessBase"]
[SourceDate "2020.07.31"]
[SourceVersion "1"]
[SourceVersionDate "2020.07.31"]
[SourceQuality "1"]

1. Nf3 d5 2. c4 c6 3. b3 Nf6 4. Bb2 e6 5. g3 Be7 6. Bg2 0-0 7. 0-0 Nbd7 8. d3 b6 9. Nbd2 Bb7 10. a3 Rb8 11. b4 c5 12. cxd5 Nxd5 13. bxc5 Nxc5 14. Nb3 Nxb3 15. Qxb3 Bf6 16. Ne5 Qe7 17. Rac1 Rfc8 18. a4 Rxc1 19. Rxc1 Rc8 20. Rxc8+ Bxc8 21. Bxd5 exd5 22. Qxd5 Bb7 23. Qd4 h6 24. f4 Qc7 25. Qc4 Qd6 26. e3 Be7 27. Qxf7+ Kh7 28. Nc4 1-0

[Event "Langenhagen Summer op 1st"]
[Site "Langenhagen"]
[Date "2019.07.04"]
[Round "1"]
[White "Cording, Harm Wilhelm"]
[Black "Zoch, Werner"]
[Result "1/2-1/2"]
[WhiteElo "2204"]
[BlackElo "1953"]
[PlyCount "97"]
[EventDate "2019.07.04"]
[EventType "swiss"]
[EventRounds "7"]
[EventCountry "GER"]
[SourceTitle "EXT 2020"]
[Source "ChessBase"]
[SourceDate "2019.10.17"]
[SourceVersion "1"]
[SourceVersionDate "2019.10.17"]
[SourceQuality "1"]

1. d4 d5 2. Nf3 Nf6 3. e3 e6 4. Bd3 Nbd7 5. Nbd2 c5 6. c3 Be7 7. 0-0 0-0 8. Qe2 Qc7 9. e4 dxe4 10. Nxe4 Nxe4 11. Qxe4 Nf6 12. Qe2 cxd4 13. Nxd4 a6 14. Bg5 Re8 15. Rfe1 Bd7 16. Bc2 Qc5 17. Be3 Qh5 18. Qxh5 Nxh5 19. Be4 Rab8 20. Bf3 e5 21. Bxh5 exd4 22. Bxd4 b5 23. Bf3 Be6 24. b3 Bd6 25. Rad1 Red8 26. g3 Kf8 27. Kg2 h6 28. Re3 Be7 29. Red3 Bf5 30. R3d2 f6 31. Be3 Rxd2 32. Rxd2 Be6 33. Bd5 Bxd5+ 34. Rxd5 Rc8 35. Bd4 Rc7 36. a4 bxa4 37. bxa4 Rc4 38. Ra5 Rc6 39. Kf3 Kf7 40. Ke4 Ke6 41. f4 Bd8 42. Rc5 Rxc5 43. Bxc5 f5+ 44. Kd3 Kd5 45. Bd4 g5 46. Bg7 gxf4 47. gxf4 h5 48. c4+ Kc6 49. Kd4 1/2-1/2

[Event "Niedersachsen-ch op A"]
[Site "Verden"]
[Date "2018.01.05"]
[Round "3"]
[White "Raetzke von Stoyentin, Steffen"]
[Black "Zoch, Werner"]
[Result "1-0"]
[WhiteElo "2073"]
[BlackElo "1842"]
[PlyCount "33"]
[EventDate "2018.01.04"]
[EventType "swiss"]
[EventRounds "7"]
[EventCountry "GER"]
[SourceTitle "EXT 2022"]
[Source "ChessBase"]
[SourceDate "2021.10.06"]
[SourceVersion "1"]
[SourceVersionDate "2021.10.06"]
[SourceQuality "1"]

1. d4 d5 2. Bg5 Nd7 3. c4 c6 4. Nc3 dxc4 5. a4 h6 6. Bh4 Qa5 7. e3 Qb4 8. Qd2 Ngf6 9. a5 b5 10. axb6 Nxb6 11. Nf3 Bb7 12. Ne4 Nfd5 13. Ne5 g5 14. Bg3 f5 15. Nc5 Bc8 16. Be2 e6 17. Bh5+ 1-0

[Event "Hannover Region-ch"]
[Site "Hannover"]
[Date "2015.03.07"]
[Round "6"]
[White "Zoch, Werner"]
[Black "Kleinschroth, Roland"]
[Result "1/2-1/2"]
[WhiteElo "1914"]
[BlackElo "2094"]
[PlyCount "120"]
[EventDate "2015.01.10"]
[EventType "swiss"]
[EventRounds "7"]
[EventCountry "GER"]
[SourceTitle "EXT 2021"]
[Source "ChessBase"]
[SourceDate "2020.10.23"]
[SourceVersion "1"]
[SourceVersionDate "2020.10.23"]
[SourceQuality "1"]

1. e4 e5 2. Nf3 Nc6 3. Bb5 Nf6 4. 0-0 Bc5 5. c3 0-0 6. d4 Bb6 7. Bg5 h6 8. Bh4 exd4 9. cxd4 g5 10. d5 gxh4 11. e5 Nxe5 12. Nxe5 d6 13. Nc4 Bd7 14. Nxb6 Bxb5 15. Nxa8 Bxf1 16. Kxf1 Qxa8 17. Qd4 Kg7 18. Qxh4 Qc8 19. Nc3 Qf5 20. Qd4 Re8 21. Rd1 Qe5 22. g3 a6 23. a4 Kg6 24. Kg2 Ne4 25. Qd3 Qf5 26. Qf3 Qxf3+ 27. Kxf3 Nxc3 28. bxc3 f5 29. Rd4 a5 30. Kf4 Kf6 31. h3 Re2 32. f3 Ra2 33. Rc4 c6 34. dxc6 bxc6 35. Rxc6 Rxa4+ 36. Ke3 Ke5 37. Ra6 Kd5 38. Kd3 Ra1 39. Ra8 a4 40. Ra5+ Ke6 41. g4 fxg4 42. hxg4 a3 43. Kc2 a2 44. f4 Rg1 45. f5+ Kf6 46. Rxa2 Rxg4 47. Ra6 Ke5 48. Ra5+ d5 49. Ra6 h5 50. Rh6 Rg5 51. f6 Ke6 52. Kd3 Rg3+ 53. Kd4 Rg4+ 54. Kd3 h4 55. Rh5 Rg3+ 56. Kd4 Rg4+ 57. Ke3 Re4+ 58. Kd3 Rf4 59. Ke3 Rc4 60. Kd3 Rf4 1/2-1/2

[Event "Hannover Region-ch"]
[Site "Hannover"]
[Date "2015.02.07"]
[Round "3"]
[White "Zoch, Werner"]
[Black "Sanasi, Marcello"]
[Result "1/2-1/2"]
[WhiteElo "1914"]
[BlackElo "1582"]
[PlyCount "55"]
[EventDate "2015.01.10"]
[EventType "swiss"]
[EventRounds "7"]
[EventCountry "GER"]
[SourceTitle "EXT 2021"]
[Source "ChessBase"]
[SourceDate "2020.10.23"]
[SourceVersion "1"]
[SourceVersionDate "2020.10.23"]
[SourceQuality "1"]

1. e4 g6 2. d4 Bg7 3. f4 d5 4. e5 c5 5. Nf3 Nh6 6. Be2 Nc6 7. c3 cxd4 8. Nxd4 0-0 9. Bf3 e6 10. 0-0 Qb6 11. Kh1 Nxd4 12. Qxd4 Qxd4 13. cxd4 Nf5 14. Rd1 Bd7 15. Nc3 Rac8 16. g4 Ne7 17. Bd2 a6 18. Rac1 f6 19. Kg2 b5 20. a3 Nc6 21. Ne2 fxe5 22. fxe5 Rf7 23. b4 Rcf8 24. Rf1 h6 25. h4 Kh7 26. Kg3 Nxd4 27. Nxd4 Bxe5+ 28. Kg2 1/2-1/2

[Event "Hannover Region-ch"]
[Site "Hannover"]
[Date "2015.01.24"]
[Round "2"]
[White "Hampel, Thomas"]
[Black "Zoch, Werner"]
[Result "1/2-1/2"]
[WhiteElo "1621"]
[BlackElo "1914"]
[PlyCount "85"]
[EventDate "2015.01.10"]
[EventType "swiss"]
[EventRounds "7"]
[EventCountry "GER"]
[SourceTitle "EXT 2021"]
[Source "ChessBase"]
[SourceDate "2020.10.23"]
[SourceVersion "1"]
[SourceVersionDate "2020.10.23"]
[SourceQuality "1"]

1. d4 d5 2. Bf4 e6 3. e3 Nf6 4. Nd2 Be7 5. Bd3 Nbd7 6. c3 c5 7. Ngf3 Nh5 8. Bg3 0-0 9. Ne5 g6 10. Ndf3 Kg7 11. Nxd7 Bxd7 12. 0-0 Nxg3 13. hxg3 f6 14. e4 dxe4 15. Bxe4 Qc7 16. Qe2 Rae8 17. Rad1 a6 18. Rfe1 Bd6 19. Qd2 Rd8 20. Qe2 Rfe8 21. Rd2 Bc6 22. Bxc6 Qxc6 23. dxc5 Qxc5 24. Red1 e5 25. Rd5 Qb6 26. Nh2 h5 27. Nf1 Bc5 28. Rxd8 Rxd8 29. Rxd8 Qxd8 30. Qd2 Qb6 31. b3 a5 32. c4 g5 33. Ne3 Bxe3 34. Qxe3 Qxe3 35. fxe3 f5 36. Kf2 Kf6 37. a3 Ke6 38. b4 b6 39. Ke2 e4 40. Kd2 Kd6 41. Kc3 Ke5 42. Kd2 axb4 43. axb4 1/2-1/2

[Event "Hannover-chC"]
[Site "Lehrte"]
[Date "2014.10.27"]
[Round "5"]
[White "Zoch, Werner"]
[Black "Gehrke, Mathias"]
[Result "1/2-1/2"]
[WhiteElo "1910"]
[BlackElo "1783"]
[PlyCount "107"]
[EventDate "2014.10.25"]
[EventType "swiss"]
[EventRounds "7"]
[EventCountry "GER"]
[SourceTitle "EXT 2021"]
[Source "ChessBase"]
[SourceDate "2020.10.23"]
[SourceVersion "1"]
[SourceVersionDate "2020.10.23"]
[SourceQuality "1"]

1. e4 c6 2. d4 d5 3. Nc3 dxe4 4. Nxe4 Bf5 5. Ng3 Bg6 6. Nf3 Nd7 7. h4 h6 8. h5 Bh7 9. c3 e6 10. Bf4 Ngf6 11. Bd3 Bxd3 12. Qxd3 Qa5 13. 0-0 Nxh5 14. Nxh5 Qxh5 15. Rfe1 Be7 16. Ne5 Bg5 17. Bh2 Bf6 18. Nxd7 Kxd7 19. Qg3 Rhd8 20. Qc7+ Ke8 21. Qxb7 Qb5 22. Qxb5 cxb5 23. Be5 Ke7 24. Rad1 Rd5 25. Ra1 Bxe5 26. dxe5 Rd2 27. Rab1 Rad8 28. Kf1 Rc2 29. Re2 Rdd2 30. Rxd2 Rxd2 31. a3 g5 32. g3 g4 33. b3 Ra2 34. a4 bxa4 35. bxa4 Rxa4 36. Rb7+ Kf8 37. Ke2 Ra2+ 38. Ke3 Rc2 39. Kf4 Rxc3 40. Kxg4 a5 41. Ra7 Ra3 42. f4 Kg7 43. f5 exf5+ 44. Kxf5 Rxg3 45. e6 Rg5+ 46. Kf4 Kf6 47. exf7 Kg7 48. Ra6 Rh5 49. Kg4 Rh1 50. Rxa5 Kxf7 51. Ra7+ Ke6 52. Ra6+ Kd5 53. Ra5+ Kc4 54. Rh5 1/2-1/2

[Event "Hannover-chC"]
[Site "Lehrte"]
[Date "2014.10.26"]
[Round "3"]
[White "Zoch, Werner"]
[Black "Schulz, Daniel"]
[Result "0-1"]
[WhiteElo "1910"]
[BlackElo "1888"]
[PlyCount "98"]
[EventDate "2014.10.25"]
[EventType "swiss"]
[EventRounds "7"]
[EventCountry "GER"]
[SourceTitle "EXT 2021"]
[Source "ChessBase"]
[SourceDate "2020.10.23"]
[SourceVersion "1"]
[SourceVersionDate "2020.10.23"]
[SourceQuality "1"]

1. e4 e6 2. d4 d5 3. Nc3 Nf6 4. Bg5 Bb4 5. e5 h6 6. Bd2 Bxc3 7. bxc3 Ne4 8. Bd3 Nxd2 9. Qxd2 0-0 10. f4 c5 11. dxc5 Qa5 12. Nf3 Qxc5 13. Nd4 Bd7 14. Rb1 b6 15. g4 Rc8 16. Rb3 a6 17. h4 Ba4 18. Rb4 b5 19. Ne2 Nc6 20. Rb1 a5 21. g5 h5 22. g6 b4 23. gxf7+ Kxf7 24. Rg1 Rab8 25. Bg6+ Kf8 26. cxb4 Nxb4 27. Nd4 Ke7 28. Rg2 Nd3+ 29. Bxd3 Rxb1+ 30. Ke2 Qxd4 31. Rxg7+ Kf8 32. Rf7+ Kxf7 33. Bg6+ Kxg6 34. Qxd4 Rxc2+ 35. Kf3 Bb5 36. f5+ exf5 37. Qb6+ Rc6 38. Qd8 Rf1+ 39. Ke3 Rc3+ 40. Kd4 Rc4+ 41. Ke3 f4+ 42. Kd2 Rf2+ 43. Kd1 Rd4+ 44. Kc1 Rf1+ 45. Kc2 Ba4+ 46. Kc3 Rc4+ 47. Kd3 Rf3+ 48. Ke2 Re3+ 49. Kf1 Rc1+ 0-1

[Event "Staufer op 20th"]
[Site "Schwaebisch Gmuend"]
[Date "2008.01.06"]
[Round "9"]
[White "Zoch, Werner"]
[Black "Hoenick, Andreas"]
[Result "0-1"]
[WhiteElo "2044"]
[BlackElo "2163"]
[PlyCount "76"]
[EventDate "2008.01.02"]
[EventType "swiss"]
[EventRounds "9"]
[EventCountry "GER"]
[SourceTitle "CBM 122 Extra"]
[Source "ChessBase"]
[SourceDate "2008.03.04"]
[SourceVersion "1"]
[SourceVersionDate "2008.03.04"]
[SourceQuality "1"]

1. e4 e6 2. d4 d5 3. Nc3 Bb4 4. e5 Ne7 5. a3 Bxc3+ 6. bxc3 c5 7. Qg4 0-0 8. Bd3 Qa5 9. Bd2 Nbc6 10. Qh5 h6 11. g4 c4 12. Be2 f5 13. exf6 Rxf6 14. h4 Bd7 15. g5 Be8 16. Qg4 h5 17. Qg2 Rf8 18. Rh3 Nf5 19. g6 Nd6 20. Bxh5 Ne4 21. Rf3 Nxd4 22. Rxf8+ Kxf8 23. Bd1 Nxd2 24. Kxd2 Nf5 25. h5 d4 26. Ne2 Rd8 27. Qxb7 dxc3+ 28. Kc1 Kg8 29. Qb4 Qd5 30. Nxc3 Qd2+ 31. Kb2 Qf4 32. Ka2 Rb8 33. Ne2 Qc7 34. Qc3 Nd6 35. Nd4 Ne4 36. Qe1 Qb6 37. Qb4 Qd6 38. Qxc4 Qd5 0-1

[Event "Daehne Cup Hannover"]
[Site "Langenhagen"]
[Date "2007.06.30"]
[Round "1"]
[White "Engelking, Michael"]
[Black "Zoch, Werner"]
[Result "0-1"]
[WhiteElo "1693"]
[BlackElo "1865"]
[PlyCount "108"]
[EventDate "2007.06.30"]
[EventType "k.o."]
[EventRounds "3"]
[EventCountry "GER"]
[SourceTitle "EXT 2021"]
[Source "ChessBase"]
[SourceDate "2020.10.23"]
[SourceVersion "1"]
[SourceVersionDate "2020.10.23"]
[SourceQuality "1"]

1. d4 d5 2. Nf3 Nf6 3. c4 c6 4. e3 e6 5. Nc3 Nbd7 6. Bd2 Be7 7. Be2 dxc4 8. Bxc4 b5 9. Be2 a6 10. a3 c5 11. dxc5 Nxc5 12. 0-0 Bb7 13. b4 Nce4 14. Nxe4 Nxe4 15. Rc1 Bf6 16. Rc2 0-0 17. Bc1 Qxd1 18. Bxd1 Bd5 19. Nd2 Rac8 20. Nxe4 Bxe4 21. Rxc8 Rxc8 22. Be2 Rc2 23. f3 Rxe2 24. fxe4 Bg5 25. Rd1 h5 26. Kf1 Rc2 27. e5 Kh7 28. Bd2 Ra2 29. Bc1 Kg6 30. h3 Rc2 31. Bd2 Bh4 32. Be1 Bxe1 33. Kxe1 Rc3 34. Kf2 Rxa3 35. Rd4 Rc3 36. e4 h4 37. Ke2 Rg3 38. Kf2 Rb3 39. Ke2 Kg5 40. Rd7 Rxb4 41. Rxf7 Rxe4+ 42. Kf3 Kg6 43. Ra7 Ra4 44. Re7 Kf5 45. Rxg7 Ra3+ 46. Kf2 Kxe5 47. Rg5+ Kf6 48. Rh5 Ra4 49. g4 hxg3+ 50. Kxg3 Rd4 51. Rh6+ Kf5 52. Rh5+ Kg6 53. Rc5 Rd6 54. Kg4 b4 0-1

[Event "Hannover Region-ch"]
[Site "Hannover"]
[Date "2007.01.27"]
[Round "2"]
[White "Birkenbeul, Harald"]
[Black "Zoch, Werner"]
[Result "1-0"]
[WhiteElo "1429"]
[BlackElo "1910"]
[PlyCount "27"]
[EventDate "2007.01.13"]
[EventType "swiss"]
[EventRounds "7"]
[EventCountry "GER"]
[SourceTitle "EXT 2021"]
[Source "ChessBase"]
[SourceDate "2020.10.23"]
[SourceVersion "1"]
[SourceVersionDate "2020.10.23"]
[SourceQuality "1"]

1. d4 d5 2. c4 c6 3. Nc3 Nf6 4. Bg5 dxc4 5. Bxf6 exf6 6. a4 Bb4 7. e3 b5 8. axb5 cxb5 9. Qf3 Qd7 10. Qe4+ Be7 11. Qxa8 Nc6 12. d5 Nb4 13. Rxa7 Qf5 14. e4 1-0

[Event "Hannover Region-ch"]
[Site "Hannover"]
[Date "2007.01.13"]
[Round "1"]
[White "Zoch, Werner"]
[Black "Skrypnichenko, Olena"]
[Result "0-1"]
[WhiteElo "1910"]
[BlackElo "1459"]
[PlyCount "45"]
[EventDate "2007.01.13"]
[EventType "swiss"]
[EventRounds "7"]
[EventCountry "GER"]
[SourceTitle "EXT 2021"]
[Source "ChessBase"]
[SourceDate "2020.10.23"]
[SourceVersion "1"]
[SourceVersionDate "2020.10.23"]
[SourceQuality "1"]

1. e4 c5 2. Nf3 d6 3. d4 cxd4 4. Nxd4 Nc6 5. Nc3 g6 6. Be3 Bg7 7. Qd2 a6 8. 0-0-0 Bd7 9. h4 Nxd4 10. Bxd4 Bh6 11. f4 Bg4 12. Bxh8 Bxd1 13. Kxd1 e5 14. g3 b5 15. Qxd6 Qxd6+ 16. Nd5 exf4 17. g4 0-0-0 18. g5 Ne7 19. Bh3+ Kb7 20. Ke2 Nxd5 21. gxh6 Nf6 22. Bxf6 Qd2+ 23. Kf1 0-1

[Event "Bad Zwesten op 10th"]
[Site "Bad Zwesten"]
[Date "2006.01.03"]
[Round "2"]
[White "Zoch, Werner"]
[Black "Koscielski, Janusch"]
[Result "1/2-1/2"]
[WhiteElo "2063"]
[BlackElo "2339"]
[PlyCount "85"]
[EventDate "2006.01.02"]
[EventType "swiss"]
[EventRounds "9"]
[EventCountry "GER"]
[SourceTitle "CBM 110 Extra"]
[Source "ChessBase"]
[SourceDate "2006.03.10"]
[SourceVersion "2"]
[SourceVersionDate "2006.03.10"]
[SourceQuality "1"]

1. e4 c5 2. Nf3 d6 3. d4 cxd4 4. Nxd4 Nf6 5. Nc3 a6 6. Be3 e5 7. Nf3 Qc7 8. a4 b6 9. Be2 Be7 10. 0-0 0-0 11. Nd2 Be6 12. f4 exf4 13. Bxf4 Nbd7 14. Nf3 Rfe8 15. Qd2 Ne5 16. Rad1 Bf8 17. Kh1 Nxf3 18. Bxf3 Rad8 19. Rfe1 Qb8 20. Be2 Qb7 21. Bf3 Qc8 22. Qf2 Qc4 23. Rd4 Qc5 24. Be3 Qc7 25. Rb4 Rb8 26. Bxb6 Qc8 27. a5 Nd7 28. Na4 Ne5 29. Rd4 Qc6 30. b3 Rec8 31. c4 Bxc4 32. bxc4 Qxa4 33. c5 Qc6 34. cxd6 Bxd6 35. Red1 Bf8 36. Be2 Qb7 37. Rd5 f6 38. Qf5 Re8 39. Qf1 Ra8 40. Qf5 Qc6 41. Qf1 Qb7 42. Qf5 Qc6 43. Qf1 1/2-1/2

[Event "Bad Zwesten op 9th"]
[Site "Bad Zwesten"]
[Date "2005.01.03"]
[Round "3"]
[White "Zoch, Werner"]
[Black "Gonnermann, Jan"]
[Result "1-0"]
[WhiteElo "2076"]
[BlackElo "1621"]
[PlyCount "117"]
[EventDate "2005.01.02"]
[EventType "swiss"]
[EventRounds "9"]
[EventCountry "GER"]
[SourceTitle "CBM 104 Extra"]
[Source "ChessBase"]
[SourceDate "2005.03.01"]
[SourceVersion "1"]
[SourceVersionDate "2005.03.01"]
[SourceQuality "1"]

1. e4 e5 2. Nf3 Nc6 3. d4 exd4 4. Nxd4 d5 5. Bb5 Nge7 6. Qf3 dxe4 7. Qxe4 Bd7 8. Nxc6 Bxc6 9. Bxc6+ bxc6 10. Nc3 Qd6 11. Bf4 Qg6 12. Bxc7 Qxe4+ 13. Nxe4 Nd5 14. Ba5 Bb4+ 15. Bxb4 Nxb4 16. 0-0-0 0-0 17. a3 Nd5 18. c4 Nf4 19. g3 Ne2+ 20. Kc2 Rfd8 21. Rd3 Nd4+ 22. Kb1 Ne6 23. Rhd1 Kf8 24. Rxd8+ Rxd8 25. Rxd8+ Nxd8 26. Kc2 Ke7 27. Nc5 Kd6 28. b4 f6 29. Kd3 Nf7 30. f4 Nh6 31. h3 Nf5 32. g4 Ne7 33. Ne4+ Kd7 34. f5 Nc8 35. Kd4 Ke7 36. Kc5 Kd7 37. b5 cxb5 38. Kxb5 Kc7 39. Ka6 Kc6 40. Ka5 Nb6 41. Kb4 a5+ 42. Kc3 Nd7 43. g5 fxg5 44. Nxg5 Nf6 45. Kd4 Kd6 46. Ne4+ Nxe4 47. Kxe4 Kc5 48. Kd3 h6 49. Kc3 Kd6 50. Kd4 Kc6 51. a4 h5 52. h4 Kd6 53. c5+ Kc7 54. Kd5 Kd7 55. c6+ Kc7 56. Kc5 Kc8 57. Kb5 Kb8 58. Kxa5 Kc7 59. Kb5 1-0

[Event "Bad Zwesten op 6th"]
[Site "Bad Zwesten"]
[Date "2002.01.07"]
[Round "6"]
[White "Zoch, Werner"]
[Black "Overbeck, Thorsten"]
[Result "1-0"]
[WhiteElo "2009"]
[BlackElo "2160"]
[PlyCount "73"]
[EventDate "2002.01.04"]
[EventType "swiss"]
[EventRounds "9"]
[EventCountry "GER"]
[SourceTitle "CBM 086 Extra"]
[Source "ChessBase"]
[SourceDate "2002.03.14"]
[SourceVersion "1"]
[SourceVersionDate "2002.03.14"]
[SourceQuality "1"]

1. e4 c5 2. Nf3 d6 3. d4 cxd4 4. Nxd4 Nf6 5. Nc3 a6 6. Bg5 e6 7. f4 Qb6 8. Nb3 Nbd7 9. Qd2 Be7 10. 0-0-0 Qc7 11. Be2 b5 12. a3 Bb7 13. Bf3 0-0 14. Rhe1 Rfd8 15. Re3 Nb6 16. Na5 Nc4 17. Nxc4 Qxc4 18. Rd3 h6 19. Bh4 b4 20. axb4 Qxb4 21. Rd4 Qa5 22. Kb1 Kh8 23. g4 e5 24. Rd3 Rab8 25. g5 Nd7 26. Qg2 exf4 27. gxh6 g5 28. Bf2 Ne5 29. Bd4 f6 30. Bxe5 dxe5 31. Qh3 Rxd3 32. Rxd3 Bc8 33. Qh5 Be6 34. Nd5 Bxd5 35. exd5 Ba3 36. b3 Qe1+ 37. Bd1 1-0

[Event "Bad Zwesten op 6th"]
[Site "Bad Zwesten"]
[Date "2002.01.05"]
[Round "3"]
[White "Ivanov, Mikhail M"]
[Black "Zoch, Werner"]
[Result "1-0"]
[WhiteElo "2446"]
[BlackElo "2009"]
[PlyCount "77"]
[EventDate "2002.01.04"]
[EventType "swiss"]
[EventRounds "9"]
[EventCountry "GER"]
[SourceTitle "CBM 086 Extra"]
[Source "ChessBase"]
[SourceDate "2002.03.14"]
[SourceVersion "1"]
[SourceVersionDate "2002.03.14"]
[SourceQuality "1"]

1. Nf3 c5 2. c4 Nc6 3. d4 cxd4 4. Nxd4 Nf6 5. g3 g6 6. Bg2 Bg7 7. 0-0 0-0 8. Nc2 d6 9. Nc3 Bd7 10. b3 Qc8 11. Bb2 Bh3 12. Ne3 Bxg2 13. Kxg2 Rd8 14. Qd2 b6 15. Ncd5 Nxd5 16. cxd5 Ne5 17. Bxe5 Bxe5 18. Rac1 Qb7 19. Rc6 e6 20. Rfc1 Rac8 21. a4 exd5 22. Qxd5 Rxc6 23. Rxc6 Bd4 24. Rxd6 Qxd5+ 25. Rxd5 Rxd5 26. Nxd5 f5 27. Ne7+ Kf7 28. Nc6 Bc5 29. Nxa7 Ke6 30. Nb5 Kd5 31. e3 Ke4 32. h4 Kd3 33. Kf3 Kc2 34. Nd4+ Kc3 35. Kf4 Kd2 36. Ke5 Ke1 37. b4 Bf8 38. Kd5 Kxf2 39. a5 1-0

[Event "Hannover-ch op"]
[Site "Isernhagen"]
[Date "2001.10.01"]
[Round "4"]
[White "Utermark, Dieter"]
[Black "Zoch, Werner"]
[Result "0-1"]
[WhiteElo "1687"]
[BlackElo "1955"]
[PlyCount "114"]
[EventDate "2001.09.29"]
[EventType "swiss"]
[EventRounds "7"]
[EventCountry "GER"]
[SourceTitle "EXT 2021"]
[Source "ChessBase"]
[SourceDate "2020.10.23"]
[SourceVersion "1"]
[SourceVersionDate "2020.10.23"]
[SourceQuality "1"]

1. d4 d5 2. Nf3 Nf6 3. e3 a6 4. Bd3 e6 5. Nbd2 Nbd7 6. 0-0 c5 7. c3 Be7 8. Qe2 0-0 9. Re1 b5 10. e4 c4 11. Bc2 dxe4 12. Nxe4 Bb7 13. Bf4 Nd5 14. Bg3 N7f6 15. Nxf6+ Nxf6 16. Ng5 Qd5 17. Nf3 Rfe8 18. Be5 h6 19. Bxf6 Bxf6 20. Be4 Qxe4 21. Qxe4 Bxe4 22. Rxe4 Rad8 23. Rae1 Rd5 24. Kf1 a5 25. Ne5 Rc8 26. Ng4 Bg5 27. Re5 Rcd8 28. Rxd5 Rxd5 29. Ne3 Rd8 30. g3 h5 31. f4 Bf6 32. Re2 g6 33. Kg2 Kg7 34. Kf3 Rc8 35. h3 Be7 36. g4 hxg4+ 37. hxg4 Rh8 38. Kg2 Bd6 39. Kf3 Rh1 40. b3 cxb3 41. axb3 Rb1 42. c4 Rxb3 43. Ra2 a4 44. cxb5 a3 45. Ke4 f5+ 46. gxf5 gxf5+ 47. Nxf5+ exf5+ 48. Kd5 Bxf4 49. Kc6 Kf6 50. d5 Ke7 51. b6 Rc3+ 52. Kb7 Be3 53. Ka6 Rb3 54. b7 Bc5 55. Rc2 Kd6 56. Rh2 Kxd5 57. Rd2+ Kc6 0-1

[Event "BL2-Nord 0001"]
[Site "Germany"]
[Date "2001.02.18"]
[Round "6.7"]
[White "Zoch, Werner"]
[Black "Mossakowski, Florian"]
[Result "0-1"]
[WhiteElo "2076"]
[BlackElo "2336"]
[PlyCount "26"]
[EventDate "2000.10.15"]
[EventType "team-tourn"]
[EventRounds "9"]
[EventCountry "GER"]
[SourceTitle "CBM 082 Extra"]
[Source "ChessBase"]
[SourceDate "2001.07.03"]
[SourceVersion "1"]
[SourceVersionDate "2001.07.03"]
[SourceQuality "1"]
[WhiteTeam "Isernhagen"]
[BlackTeam "Bremer SG"]
[WhiteTeamCountry "GER"]
[BlackTeamCountry "GER"]

1. e4 c5 2. Nf3 Nc6 3. d4 cxd4 4. Nxd4 Nf6 5. Nc3 d6 6. Bg5 e6 7. Qd2 Be7 8. 0-0-0 0-0 9. Ndb5 Qa5 10. Bxf6 Bxf6 11. Qxd6 a6 12. Na3 Bxc3 13. bxc3 Rd8 0-1

[Event "BL2-Nord 0001"]
[Site "Germany"]
[Date "2001.01.28"]
[Round "5.7"]
[White "Sell, Achim"]
[Black "Zoch, Werner"]
[Result "1-0"]
[WhiteElo "2251"]
[BlackElo "2076"]
[PlyCount "81"]
[EventDate "2000.10.15"]
[EventType "team-tourn"]
[EventRounds "9"]
[EventCountry "GER"]
[SourceTitle "CBM 082 Extra"]
[Source "ChessBase"]
[SourceDate "2001.07.03"]
[SourceVersion "1"]
[SourceVersionDate "2001.07.03"]
[SourceQuality "1"]
[WhiteTeam "Preetz"]
[BlackTeam "Isernhagen"]
[WhiteTeamCountry "GER"]
[BlackTeamCountry "GER"]

1. d4 d5 2. Bg5 g6 3. c4 c6 4. cxd5 cxd5 5. Nc3 Bg7 6. e3 Nf6 7. Qb3 e6 8. Nf3 0-0 9. Be2 b6 10. 0-0 Ba6 11. Bxa6 Nxa6 12. Rfc1 Qe7 13. Ne5 h6 14. Bh4 g5 15. Bg3 Rfc8 16. Nb5 Ne4 17. Nd3 Nxg3 18. hxg3 Nc7 19. Nxc7 Rxc7 20. Rxc7 Qxc7 21. Rc1 Qd7 22. Qc2 a5 23. Qb3 Rb8 24. Rc3 f6 25. Qc2 Rb7 26. Rc8+ Bf8 27. a4 Kg7 28. Rc3 Bd6 29. Qb3 b5 30. axb5 Rxb5 31. Qa4 Qb7 32. Qc2 Qd7 33. Rc6 Rb7 34. Nc5 Bxc5 35. Qxc5 Kg6 36. Qc2+ f5 37. g4 Rxb2 38. gxf5+ Kh5 39. fxe6 Qxe6 40. Qd1+ Qg4 41. Rxh6+ 1-0